|
|
|
|
| LEADER |
01266nam a2200265 a 4500 |
| 001 |
GR-Antirio546 |
| 008 |
090211s2005 nju 000 0 gre d |
| 020 |
|
|
|a 0131858580
|
| 040 |
|
|
|a GrPaTEI
|b gre
|c GR-PaULI
|
| 040 |
|
|
|a GrPaTEI
|b gre
|c GR-PaULI
|
| 040 |
|
|
|a GrPaTEI
|b gre
|c GR-PaULI
|
| 082 |
|
0 |
|a 004.36
|2 22
|
| 100 |
0 |
|
|a Erl, Thomas
|
| 245 |
1 |
0 |
|a Service-Oriented Architecture :
|b concepts , technology, and design /
|c Erl, Thomas.
|
| 260 |
|
|
|a Upper Saddle River, NJ. :
|b Prentice Hall Professional Technical Reference,
|c c 2005
|
| 300 |
|
|
|a xxviii. , 760 σ. :
|b εικ. ;
|c 25 εκ.
|
| 500 |
|
|
|a Περιλαμβάνει ευρετήριο.
|
| 650 |
|
0 |
|a Computer architechure
|
| 650 |
|
0 |
|a COMPUTER NETWORK ARCHITECTURES
|
| 650 |
1 |
0 |
|a Web services
|
| 942 |
|
|
|2 ddc
|
| 952 |
|
|
|0 0
|1 0
|2 ddc
|4 0
|6 004_360000000000000_ERL
|7 0
|9 261686
|a LISK-2
|b LISK-2
|c BSC
|d 2021-01-17
|e 24
|f 0
|g 0.00
|l 0
|o 004.36 ERL
|p 2430000006606
|r 2021-01-17 00:00:00
|t 1
|w 2021-01-17
|y BK15
|x 20090211 0 1
|x GrPaTEI - Antirrio
|
| 952 |
|
|
|0 0
|1 0
|2 ddc
|4 0
|6 004_360000000000000_ERL
|7 0
|9 261687
|a LISK-2
|b LISK-2
|c BSC
|d 2021-01-17
|e 24
|f 0
|g 0.00
|l 0
|o 004.36 ERL
|p 2430000006607
|r 2021-01-17 00:00:00
|t 1
|w 2021-01-17
|y BK15
|x 20090211 0 1
|x GrPaTEI - Antirrio
|
| 971 |
|
|
|a .b25703456
|b 01-10-20
|c 12-09-16
|
| 999 |
|
|
|c 151013
|d 151013
|